Marseille de A à Z - Statistiques

Statistiques générales
  • Ce quiz a été pris 1 697 fois
  • Le résultat moyen est 16 sur 26
Statistiques - réponses
Indice Réponse % Correct
J - Rappeur au signe unique Jul
93%
V - Stade Vélodrome
90%
P - Sport national à Marseille Pétanque
88%
D - On le dit pour dire que y'a personne Degun
85%
Z - Coup de boule Zidane
84%
B - Elle veille sur la ville Bonne mère
82%
R - Célèbre boisson alcolisée créer à Marseille Ricard
82%
A - Célèbre plat à base d'ail Aioli
79%
O - A jamais les premiers Olympique de Marseille
79%
N - Elle veille sur la ville (nom officiel) Notre Dame de la Garde
78%
C - Elles mènent jusqu'à Cassis Calanques
71%
F - Iles au large de la cité phocéenne Frioul
65%
M - LE musée marseillais Mucem
65%
Y - Marque du Tmax que l'on peut voir dans toute la ville Yamaha
65%
T - Il a permis de rapporter la coupe aux grandes oreilles (homme d'affaires) Tapie
64%
I - Célèbre chateau If
62%
U - Supporters acharnés de l'OM Ultras
62%
K - La corniche porte son nom Kennedy
54%
S - Nom d'une des calanques Marseillaise Sormiou
53%
L - Palais situé au coeur de la ville Longchamp
50%
H - Elles permettent d'assaisonner les plats Herbes de Provence
43%
Q - Haut lieu du banditisme Quartiers Nord
43%
G - Le bout du monde marseillais Goudes
42%
E - Célèbre place et également arrêt de métro Estrangin
36%
W - Ancien célèbre joueur de l'OM (1989-1992) Waddle
29%
X - Nom scientifique de l'espadon Xiphias gladus
0%
Aucun quiz correspondant
Distribution des résultats
% des personnes avec chaque résultat
Percentile par nombre de réponses
Votre historique - résultats
Vous n’avez pas pris ce quiz